• 首页
  • 本馆介绍
  • 公告通知
  • 最新文献
  • 馆藏检索
  • 电子资源
  • 读者导购
  • 参考咨询
  • 我的图书馆
  • 登录
  • 详细信息显示
  • 放入我的书架
  • 预约/预借图书
  • 作者相关作品
  • 分类相关作品
  • 丛书相关作品
  • 出版社相关作品

书目信息

  • 表格格式
  • 工作单格式
  • 卡片格式
题名:
情报科学与情报实践
    
 
作者: 郑登理 著
分册: 1  
出版信息: 北京   科学技术文献出版社  1986
页数: 182页
开本: 19cm
丛书名:
单 册:
中图分类: G350 , G35
科图分类:
主题词: 情报学 , 情报活动 , 情报学 , 情报工作
电子资源:
ISBN:
000 00829nam0 2200301 45
001 0186019060
005 20040430150045.4
010    @dCNY1.25
091    @a17176.457
100    @a19900726d1986 emky0chiy0121 ea
101 0  @achi
102    @aCN@b110000
105    @ay z 000yy
106    @ar
200 10 @a情报科学与情报实践@Aqing bao ke xue yu qing bao shi jian@e国外科技情报新动向@h1@f郑登理著
210    @a北京@c科学技术文献出版社@d1986
215    @a182页@d19cm
517 1  @a国外科技情报新动向@Aguo wai ke ji qing bao xin dong xiang
606    @a情报学
606    @a情报活动
606 0  @a情报学
606 0  @a情报工作
690    @aG350@v3
690    @aG35
701  0 @a郑登理@Azheng deng li@4著
801  0 @aCN@b深圳图书馆@c20040430
801  2 @aCN@bNLC@c20040430
905    @f4@b157970-973@dG35@e19:1
    
    情报科学与情报实践:国外科技情报新动向.1/郑登理著.-北京:科学技术文献出版社,1986
    182页;19cm
    
    
    ISBN :CNY1.25
    
●
相关链接 在E读中查询图书 在五车中查询图书 在当当中查询图书 在豆瓣中查询图书


正题名:情报科学与情报实践     索取号:G35/19:1         预约/预借

序号 登录号 条形码 馆藏地/架位号 状态 备注
1 0157970   000985063   密集书库/ [索取号:G35/19:1] 在馆    
2 0157971   000985054   密集书库/ [索取号:G35/19:1] 在馆    
3 0157972   000985072   密集书库/ [索取号:G35/19:1] 在馆    
4 0157973   000985081   密集书库/ [索取号:G35/19:1] 在馆    
5 0157974   000985125   第一样本阅览室/ [索取号:G35/19:1] 在馆    
唐山师范学院图书馆 欢迎您!
大连网信软件有限公司© 版权所有